Gorenstein dimensions

Αποθηκεύτηκε σε:
Λεπτομέρειες βιβλιογραφικής εγγραφής
Κύριος συγγραφέας: Christensen, Lars Winther 1969-
Μορφή: Βιβλίο
Γλώσσα:English
Δημοσίευση: Berlin ; New York : Springer, c2000
Σειρά:Lecture notes in mathematics (Springer-Verlag) ; 1747
Θέματα:
Ετικέτες: Προσθήκη ετικέτας
Δεν υπάρχουν, Καταχωρήστε ετικέτα πρώτοι!

MARC

LEADER 00000nam a2200000 i 4500
001 1/42219
008 031013s2000 eng d
020 |a 3-540-41132-1 
035 |l 10071132 
040 |a GR-MY-UA  |b gre  |e aacr 
041 0 |a eng 
082 0 |a 512.24 
100 1 |a Christensen, Lars Winther  |d 1969- 
245 1 0 |a Gorenstein dimensions /  |c Lars Winther Christensen 
260 |a Berlin ; New York :   |b Springer,   |c c2000 
300 |a viii, 204 p.;  |c 24 cm. 
490 1 |a Lecture notes in mathematics  |v ; 1747 
504 |a Includes bibliographical references and index 
650 0 0 |a Gorenstein rings. 
650 0 0 |a Homology theory. 
830 0 |a Lecture notes in mathematics (Springer-Verlag)  |v ; 1747 
852 |a INST  |b SAMOS  |e 20031013  |h 512.24 CHR  |p 005300023805  |q 005300023805  |t BK  |y 0 
901 |a BIBL3-2003-3 
909 |a Σ  |b 106207 
922 |a 3ΕΛΗ  |b 200306  |c ΕΠΕΑΕΚ2/ΤΜΗΜΑ ΜΑΘΗΜΑΤΙΚΩΝ  |d ΜΙΧΑΛΟΠΟΥΛΟΣ 
950 |a 116-2003-06-13 
970 |a ΚΟΣΙΕΡΗΣ  |b ΧΡΗΣΤΟΣ  |z 2003/10/17